L'homme criminel (Record no. 157931)

MARC details
000 -LEADER
campo de control de longitud fija 01100nam a22002415i 4500
001 - NÚMERO DE CONTROL
campo de control 157931
003 - IDENTIFICADOR DE NÚMERO DE CONTROL
campo de control ES-MaACL
005 - FECHA Y HORA DE LA ÚLTIMA TRANSACCIÓN
campo de control 20250902063108.0
008 - DATOS DE LONGITUD FIJA--INFORMACIÓN GENERAL
campo de control de longitud fija 990218s1895 fr |||| | fre d
040 ## - FUENTE DE CATALOGACIÓN
Centro catalogador/agencia de origen CAM
Lengua de catalogación spa
Centro/agencia transcriptor CAM
100 1# - ENTRADA PRINCIPAL--NOMBRE DE PERSONA
Nombre de persona Lombroso, Cesare,
Fechas asociadas al nombre 1835-1909
9 (RLIN) 242173
245 12 - MENCIÓN DEL TÍTULO
Título L'homme criminel
Resto del título : criminel-né, fou moral, épileptique, crimine fou, criminel d'occasion, crimine par passion : étude anthropologique et psychiatrique /
Mención de responsabilidad, etc. par César Lombroso.
250 ## - MENCION DE EDICION
Mención de edición 2e éd. française, traduite sur la cinquième édition italienne.
260 ## - PUBLICACIÓN, DISTRIBUCIÓN, ETC.
Lugar de publicación, distribución, etc. Paris :
Nombre del editor, distribuidor, etc. Ancienne Librairie Germer Bailliere et cie, Felix Alcan éditeur,
Fecha de publicación, distribución, etc. 1895 (
Lugar de fabricación/manufactura Turin :
Fabricante Imprimerie Camilla et Bertolero)
300 ## - DESCRIPCIÓN FÍSICA
Extensión 2 v. (XLIV, 567 ; 583 p.) ;
Dimensiones 22 cm.
490 1# - MENCIÓN DE SERIE
Mención de serie Bibliothéque de philosophie contemporaine
650 17 - PUNTO DE ACCESO ADICIONAL DE MATERIA--TÉRMINO DE MATERIA
Término de materia o nombre geográfico como elemento de entrada Antropología criminal
Fuente del encabezamiento o término embne
9 (RLIN) 9866
650 #4 - PUNTO DE ACCESO ADICIONAL DE MATERIA--TÉRMINO DE MATERIA
Término de materia o nombre geográfico como elemento de entrada Delincuentes-
Subdivisión general Psicología.
9 (RLIN) 11556
650 #4 - PUNTO DE ACCESO ADICIONAL DE MATERIA--TÉRMINO DE MATERIA
Término de materia o nombre geográfico como elemento de entrada Criminología.
9 (RLIN) 135832
830 0# - PUNTO DE ACCESO ADICIONAL DE SERIE-TÍTULO UNIFORME
Título uniforme Bibliothéque de philosophie contemporaine
9 (RLIN) 181027
852 ## - LOCALIZACIÓN
Ubicación ES-MaACL
Número de control de estantería B-5376-77
Nota libre -- Enc. hol.
Holdings
Estatus retirado Estado de pérdida Estado de daño No para préstamo Colección Biblioteca de origen Biblioteca actual Ubicación en estantería Fecha de adquisición Total de préstamos Signatura topográfica completa Código de barras Visto por última vez Precio de reemplazo Tipo de ítem Koha
        Libros del s. XIX Biblioteca del Ateneo de Madrid Biblioteca del Ateneo de Madrid Sala Pardo Bazán 17/01/2008   B-5376-77 1165286 23/02/2023 23/02/2023 Libro impreso antiguo